UN Least Developed Countries - Statistics

General Stats
  • This quiz has been taken 13 times
  • The average score is 38 of 52
Answer Stats
Group Answer % Correct
Africa Central African Republic
92%
Africa Chad
92%
Africa Lesotho
92%
Africa Eritrea
92%
Africa South Sudan
92%
Africa (Graduated - 1994) Botswana
83%
Africa Burundi
83%
Africa Democratic Republic of Congo
83%
Africa Ethiopia
83%
Africa Gambia
83%
Africa Guinea
83%
Africa Guinea-Bissau
83%
Asia Laos
83%
Africa Rwanda
83%
Africa Sao Tome and Principé
83%
Africa Sudan
83%
Africa Angola
75%
Africa Benin
75%
Africa Burkina Faso
75%
Asia Cambodia
75%
Africa (Graduated - 2017) Equatorial Guinea
75%
North America Haiti
75%
Africa Liberia
75%
Africa Madagascar
75%
Africa Malawi
75%
Africa Mali
75%
Africa Mozambique
75%
Asia Myanmar
75%
Africa Niger
75%
Oceania (Graduated - 2014) Samoa
75%
Oceania Solomon Islands
75%
Africa Togo
75%
Oceania Tuvalu
75%
Africa Uganda
75%
Oceania (Graduated - 2020) Vanuatu
75%
Africa Zambia
75%
Asia Afghanistan
67%
Asia Bangladesh
67%
Africa (Graduated - 2007) Cape Verde
67%
Africa Djibouti
67%
Oceania Kiribati
67%
Africa Mauritania
67%
Asia Nepal
67%
Africa Somalia
67%
Africa Tanzania
67%
Africa Comoros
58%
Asia Yemen
58%
Asia Bhutan
50%
Africa Senegal
50%
Africa Sierra Leone
50%
Asia East Timor
33%
Asia (Graduated - 2011) Maldives
17%
No matching quizzes found
Score Distribution
Percent of People with Each Score
Percentile by Number Answered
Your Score History
You have not taken this quiz